Catálogo público

Sistema de atmósfera modificada para el manejo de frutos de Zarzamora (Rubus fructicosus L.) en postcosecha / (Record no. 178691)

MARC details
000 -CABECERA
campo de control de longitud fija 05644nam a2200553 a 4500
001 - NÚMERO DE CONTROL
campo de control dia_7551
003 - IDENTIFICADOR DEL NÚMERO DE CONTROL
campo de control CHAP
005 - FECHA Y HORA DE LA ÚLTIMA TRANSACCIÓN
campo de control 20240802113802.0
007 - CAMPO FIJO DE DESCRIPCIÓN FÍSICA--INFORMACIÓN GENERAL
campo de control de longitud fija ta
008 - DATOS DE LONGITUD FIJA--INFORMACIÓN GENERAL
campo de control de longitud fija 220117s2018 mx ado fsm 001 0 spa d
010 ## - NÚMERO DE CONTROL DE LA BIBLIOTECA DEL CONGRESO
Número de control de LC 178691
040 ## - FUENTE DE LA CATALOGACIÓN
Centro/agencia transcriptor CHAP
Centro catalogador/agencia de origen mxchpua
Normas de descripción rda
041 0# - CÓDIGO DE LENGUA
Código de lengua del texto/banda sonora o título independiente spa
Código de lengua del sumario o resumen eng
090 ## - LOCALMENTE ASIGNADO TIPO-LC NÚMERO DE CLASIFICACIÓN (OCLC); NÚMERO DE CLASIFICACIÓN LOCAL (RLIN)
Número de clasificación (OCLC) (R) ; Numero de clasificación, CALL (RLIN) (NR) Tesis
Número cutter local (OCLC) ; Número de libro/Signatura topográfica íntegra, CALL (RLIN) M372
año 2018
100 1# - ENTRADA PRINCIPAL--NOMBRE DE PERSONA
Nombre de persona Martínez López, Angélica
240 10 - TÍTULO UNIFORME
Título uniforme Modified atmosphere system to the handling of blackberry (Rubus fructicosus L.) fruit in postharvest.
Lenguaje de la obra Español
245 10 - MENCIÓN DE TÍTULO
Título Sistema de atmósfera modificada para el manejo de frutos de Zarzamora (Rubus fructicosus L.) en postcosecha /
Mención de responsabilidad, etc. Angélica Martínez López
264 ## - PRODUCCIÓN, PUBLICACIÓN, DISTRIBUCIÓN, FABRICACIÓN Y COPYRIGHT
Producción, publicación, distribución, fabricación y copyright Chapingo, México :
Nombre del de productor, editor, distribuidor, fabricante El autor,
Fecha de producción, publicación, distribución, fabricación o copyright 2018
300 ## - DESCRIPCIÓN FÍSICA
Extensión xii, 97 hojas :
Otras características físicas ilustraciones, gráficas, tablas, fotos +
Material acompañante/anejo 1 CD-ROM
336 ## - TIPO DE CONTENIDO
Fuente rdacontent
Término de tipo de contenido texto
Código de tipo de contenido txt
337 ## - TIPO DE MEDIO
Fuente rdamedia
Nombre/término del tipo de medio no mediado
Código del tipo de medio n
338 ## - TIPO DE SOPORTE
Fuente rdacarrier
Nombre/término del tipo de soporte volumen
Código del tipo de soporte nc
500 ## - NOTA GENERAL
Nota general El CD contiene artículo y reporte
502 ## - NOTA DE TESIS
Nota de tesis Tesis
Tipo de título (Maestro en Ciencias en Ciencia y Tecnología Agroalimentaria) --
Nombre de la institución que otorga el título UACh. Departamento de Ingeniería Agroindustrial,
Año de obtención del título 2018
504 ## - NOTA DE BIBLIOGRAFÍA, ETC.
Nota de bibliografía, etc. Bibliografía: hojas 95-97
520 3# - SUMARIO, ETC.
Sumario, etc. El fruto de zarzamora (Rubus fructicosus L.) se caracteriza por un alto valor económico y por poseer propiedades funcionales que contribuyen a mejorar la salud del consumidor. Este fruto presenta alta tasa respiratoria que conlleva a una acelerada senescencia durante el manejo en fresco. El objetivo de este trabajo fue evaluar el efecto de la temperatura y del manejo en atmósfera modificada con microperforado (AM-M) sobre el comportamiento postcosecha del fruto de zarzamora, para favorecer el alargamiento de su vida de anaquel. Se condujo un almacenamiento en AM con tres niveles de microperforado a 4 y 23 °C. La presencia de hongos fue el principal factor limitante de la vida postcosecha de los frutos. A 23 °C la vida útil fue de 3 a 4 d, mientras que con AM-M a 4 °C la vida de anaquel se alargó hasta por 18 d. Para reducir la incidencia de hongos se determinó la capacidad inhibitoria de aceite esencial de orégano. Se identificaron tres tipos de hongos (Alternaria alternata, Aspergillus carbonarius y Penicillum digitatum) como causantes del daño postcosecha. La CMI in vitro fue 0.4, 0.2 y 0.2 ?L mL-1 para A. carbonarius, A. alternata, y P. digitatum, respectivamente. En pruebas in vivo la CMI del crecimiento de los tres hongos fue de 0.8 ?L mL-1 de aceite esencial. Se evaluó el efecto de un empaque activo basado en AM-M y la incorporación de un aceite esencial como agente antimicrobiano para disminuir el daño causado por hongos a 23 °C. La vida postcosecha a esta temperatura fue de 5 a 6 d con buenas características fisiológicas y químicas, aunque con ligeras variaciones en el sabor de los frutos. El manejo de frutos de zarzamora en refrigeración con AM-M es una alternativa adecuada para alargar la vida útil de los frutos. --
520 3# - SUMARIO, ETC.
Sumario, etc. The fruit of blackberry (Rubus fructicosus L.) is characterized by a high economic value and by having functional properties that contribute to improving consumer health. This fruit has a high respiratory rate that leads to an accelerated senescence during handling in fresh. The objective of this work was to evaluate the effect of temperature and management in modified atmosphere with microperforated (AM-M) on the post-harvest behavior of the blackberry fruit, to favor the lengthening of its shelf life. A MA-M storage was conducted with three microperforation levels at 4 and 23 °C. The presence of fungi was the main limiting factor of the postharvest life of fruit. At 23 °C shelf life was 3-4 d, while with AM-M at 4 °C shelf life was extended up to 18 d. To reduce the incidence of fungi the inhibitory capacity of oregano essential oil was determined. Three types of fungi (Alternaria alternata, Aspergillus carbonarius and Penicillum digitatum) were identified as causing postharvest damage. The MIC in vitro was 0.4, 0.2 and 0.2 ?L mL-1 for A. carbonarius, A. alternata, and P. digitatum, respectively. In vivo tests the MIC of the growth of the three fungi was 0.8 ?L mL-1 of essential oil. The effect of an active package based on AM M was evaluated and the incorporation of an essential oil as an antimicrobial agent to reduce the damage caused by fungi at 23 ° C. The post-harvest life at this temperature was 5 to 6 d with good physiological and chemical characteristics, although with slight variations in the taste of the fruits. The management of fruits of blackberry in refrigeration with AM-M is an adequate alternative to extend the useful life of the fruits.
650 13 - PUNTO DE ACCESO ADICIONAL DE MATERIA--TÉRMINO DE MATERIA
Término de materia o nombre geográfico como elemento de entrada Zarzamora
Fuente del encabezamiento o término atg
650 13 - PUNTO DE ACCESO ADICIONAL DE MATERIA--TÉRMINO DE MATERIA
Término de materia o nombre geográfico como elemento de entrada Alimentos mínimamente procesados
Fuente del encabezamiento o término atg
650 13 - PUNTO DE ACCESO ADICIONAL DE MATERIA--TÉRMINO DE MATERIA
Término de materia o nombre geográfico como elemento de entrada Alimentos refrigerados
Fuente del encabezamiento o término atg
650 13 - PUNTO DE ACCESO ADICIONAL DE MATERIA--TÉRMINO DE MATERIA
Término de materia o nombre geográfico como elemento de entrada Tratamiento postcosecha
Fuente del encabezamiento o término atg
650 13 - PUNTO DE ACCESO ADICIONAL DE MATERIA--TÉRMINO DE MATERIA
Término de materia o nombre geográfico como elemento de entrada Preservación de alimentos
Fuente del encabezamiento o término atg
650 13 - PUNTO DE ACCESO ADICIONAL DE MATERIA--TÉRMINO DE MATERIA
Término de materia o nombre geográfico como elemento de entrada Almacenamiento bajo atmósfera controlada
Fuente del encabezamiento o término atg
650 13 - PUNTO DE ACCESO ADICIONAL DE MATERIA--TÉRMINO DE MATERIA
Término de materia o nombre geográfico como elemento de entrada Blackberries
Fuente del encabezamiento o término atg
650 13 - PUNTO DE ACCESO ADICIONAL DE MATERIA--TÉRMINO DE MATERIA
Término de materia o nombre geográfico como elemento de entrada Chilled food
Fuente del encabezamiento o término atg
650 13 - PUNTO DE ACCESO ADICIONAL DE MATERIA--TÉRMINO DE MATERIA
Término de materia o nombre geográfico como elemento de entrada Controlled atmosphere storage
Fuente del encabezamiento o término atg
650 13 - PUNTO DE ACCESO ADICIONAL DE MATERIA--TÉRMINO DE MATERIA
Término de materia o nombre geográfico como elemento de entrada Food preservation
Fuente del encabezamiento o término atg
650 13 - PUNTO DE ACCESO ADICIONAL DE MATERIA--TÉRMINO DE MATERIA
Término de materia o nombre geográfico como elemento de entrada Minimally processed foods
Fuente del encabezamiento o término atg
650 13 - PUNTO DE ACCESO ADICIONAL DE MATERIA--TÉRMINO DE MATERIA
Término de materia o nombre geográfico como elemento de entrada Postharvest treatment
Fuente del encabezamiento o término atg
700 1# - PUNTO DE ACCESO ADICIONAL--NOMBRE DE PERSONA
Nombre de persona Valle Guadarrama, Salvador
Término indicativo de función/relación director
700 1# - PUNTO DE ACCESO ADICIONAL--NOMBRE DE PERSONA
Nombre de persona Arevalo Galarza, Ma. de Lourdes Catalina
Término indicativo de función/relación asesora
700 1# - PUNTO DE ACCESO ADICIONAL--NOMBRE DE PERSONA
Nombre de persona Guerra Ramírez, Diana
Término indicativo de función/relación asesora
856 41 - LOCALIZACIÓN Y ACCESO ELECTRÓNICOS
Identificador Uniforme del Recurso <a href="http://10.13.5.2/tesis/sist115325.pdf">http://10.13.5.2/tesis/sist115325.pdf</a>
Texto de enlace DESCARGAR PDF
901 ## - ELEMENTOS DE DATOS A LOCAL LDA (RLIN)
a TESIS M372 2018
942 ## - ELEMENTOS DE PUNTO DE ACCESO ADICIONAL (KOHA)
Tipo de ítem Koha TESIS
Fuente del sistema de clasificación o colocación Clasificación Universidad Autónoma Chapingo
902 ## - ELEMENTOS DE DATOS B LOCAL, LDB (RLIN)
a M
905 ## - ELEMENTOS DE DATOS E LOCAL, LDE (RLIN)
a 5132272018 mx nml 8223123322spa16
Holdings
Estado de retiro Estado de pérdida Fuente del sistema de clasificación o colocación Estado dañado Restricciones de uso No para préstamo Código de colección Localización permanente Ubicación/localización actual Fecha de adquisición Fuente de adquisición Total de préstamos Signatura topográfica completa Código de barras Fecha visto por última vez Fecha del último préstamo Número de copia Precio válido a partir de Tipo de ítem Koha Ubicación en estantería
    Clasificación Universidad Autónoma de Chapingo   Préstamo 5 días   Tesis Ingenieria Agroindustrial Ingenieria Agroindustrial 18/01/2022 El autor 1 Tesis M372 2018 1101013233 27/07/2024 27/07/2024 Ej. 2 18/01/2022 CD  
    Clasificación Universidad Autónoma de Chapingo   Préstamo interno   Tesis Ingenieria Agroindustrial Ingenieria Agroindustrial 18/01/2022 El autor   Tesis M372 2018 1101013232 18/01/2022   Ej. 1 18/01/2022 CD  
    Clasificación Universidad Autónoma de Chapingo       Tesis digitales de Maestría Ingenieria Agroindustrial Ingenieria Agroindustrial 25/06/2024 El autor     1201013232 25/06/2024     25/06/2024 Tesis digital En línea